Law of Torts (Record no. 28683)
[ view plain ]
| 000 -LEADER | |
|---|---|
| fixed length control field | 00189nam a2200085Ia 4500 |
| 008 - FIXED-LENGTH DATA ELEMENTS--GENERAL INFORMATION | |
| fixed length control field | 170620s9999 xx 000 0 und d |
| 100 ## - MAIN ENTRY--PERSONAL NAME | |
| Personal name | Kapoor - S.K |
| 245 #0 - TITLE STATEMENT | |
| Title | Law of Torts |
| 260 ## - PUBLICATION, DISTRIBUTION, ETC. | |
| Name of publisher, distributor, etc. | Commercial Law |
| 260 ## - PUBLICATION, DISTRIBUTION, ETC. | |
| Date of publication, distribution, etc. | 2001 |
| Withdrawn status | Lost status | Source of classification or shelving scheme | Damaged status | Not for loan | Home library | Current library | Date acquired | Total Checkouts | Barcode | Date last seen | Price effective from | Koha item type | Date last checked out |
|---|---|---|---|---|---|---|---|---|---|---|---|---|---|
| IIMT University College of Law | IIMT University College of Law | 06/29/2017 | 04-B-967 | 06/29/2017 | 06/29/2017 | Text-Book- for 7 days | |||||||
| IIMT University College of Law | IIMT University College of Law | 06/29/2017 | 04-B-968 | 06/29/2017 | 06/29/2017 | Text-Book- for 7 days | |||||||
| IIMT University College of Law | IIMT University College of Law | 06/29/2017 | 2 | 04-B-969 | 03/03/2025 | 06/29/2017 | Text-Book- for 7 days | 03/03/2025 |

